000 00487nam a2200181Ia 4500
001 11335
005 20260306162820.0
008 260306t2011||||xx |||||||||||||| ||spa||
041 _aESP
082 _a985.032
_bP42
100 _aPeña, Carolina Beatriz
_eAUT
245 0 _aImágenes contra el olvido:
_bel Perú colonial en las ilustraciones de fray Diego de Ocaña
260 _c2011
300 _a1a. ed.
_c24 cm.
650 _aGEN
654 _aCHU
942 _cLIB
_dJUS
_fJUS
_2ddc
_n
999 _c11335
_d11335